000 00509nam a2200193Ia 4500
003 OSt
005 20250214095308.0
008 210210b1967 xxu||||| |||| 00| 0 eng d
040 _cAL
041 _aKannada
082 _aK894.3 BHAK
100 _aBHARATISUTA.
_999203
_dಭಾರತೀಸುತ
245 _aKolalina kare.
_bಕೊಳಲಿನ ಕರೆ
260 _aBengaluru
_bRajkamal Prakashana
_c1967
300 _aiv,128
690 _aKannada Fiction
_999204
906 _a027149
942 _2ddc
_cBK
999 _c78447
_d78447